First Level Sub Division - Country - Statistics

General Stats
  • This quiz has been taken 21 times
  • The average score is 14 of 16
Answer Stats
First Level Sub Division Country % Correct
Nova Scotia Canada
100%
Idaho United States
100%
New South Wales Australia
94%
Tibet China
94%
Lapland Finland
94%
Bavaria Germany
94%
West Bengal India
94%
West Papua Indonesia
94%
Hokkaido Japan
94%
Chihuahua Mexico
94%
Dubai United Arab Emirates
94%
Northern Ireland United Kingdom
94%
Galicia Spain
89%
Lazio Italy
78%
Acre Brazil
50%
Abia Nigeria
33%
No matching quizzes found
Score Distribution
Percent of People with Each Score
Percentile by Number Answered
Your Score History
You have not taken this quiz